Statistics for Guess the Footballers by their Teams #26

Click here to take the quiz!

General Stats

  • This quiz has been taken 87 times
  • The average score is 4 of 10

Answer Stats

HintAnswer% Correct
2003-2020. Anderlecht, Hamburger SV, Manchester City, Anderlecht, Belgium.Vincent Kompany
100%
2011-. Corinthians, Roma (loan), Roma, Paris Saint-Germain, Brazil.Marquinhos
67%
2010-. Sporting CP, Academica (loan), Sporting CP B, Southampton, Inter Milan (loan), Arsenal (loan), Arsenal, Portugal.Cedric Soares
43%
1986-2005. Valladolid B, Valladolid, Real Madrid, Al Rayyan, Bolton Wanderers, Spain.Fernando Hierro
40%
2003-. Valencia B, Valencia, Getafe (loan), Real Madrid, Napoli, Villarreal, Spain.Raul Albiol
38%
1998-2011. Charleroi, Standard Liege, Marseille, Manchester City (loan), Hamburger SV, Bayern Munich, Bayern Munich II, Belgium.Daniel Van Buyten
32%
2008-. Maine Road, Oldham Athletic, Brentford, Burnley, England.James Tarkowski
29%
2001-2020. Hednesford Town, Stockport County, Swansea City (loan), Swansea City, Everton, Stoke City (loan), Bristol City, Wales.Ashley Williams
25%
2007-2021. Bayern Munich II, Bayern Munich, Schalke 04 (loan), VfB Stuttgart, VfB Stuttgart II, FC Luzern, Germany.Holger Badstuber
19%
1991-2011. Ferro Carril Oeste, River Plate, Napoli, Milan, Valencia, Real Zaragoza, Racing Club, Argentina.Roberto Ayala
6%

Score Distribution

Percentile by Number Answered

Percent of People with Each Score

Your Score History

You have not taken this quiz